000 01060nam a22002777a 4500
003 dpl
005 20180702132714.0
008 180702b xxu||||| |||| 00| 0 eng d
010 _aA-758490
016 _aA-758490
020 _c75.00
035 _aA-758490
037 _bBPPD/PUB
040 _aDPL
_bHN
_c0
082 _aकु
_bशर्माश्री
100 _aराम श्रीराम शर्मा
245 _aहम और तुम /
_cश्रीराम शर्मा राम
260 _aदिल्ली
_bभारतीय ग्रंथ निकेतन
_c1995
270 _b दिल्ली
_a2713, कूंचा चेलान,दरयागंज
_e110002
300 _a236पृ.
_c16सेमी(सजिल्द )
650 _aहिंदी साहित्य
_x
_z
_952860
650 _aहिंदी उपन्यास
_952861
650 _aHindi literature
_v
_952862
650 _aHindi novel
_952863
942 _2ddc
_cHN
_hकु
_mशर्माश्री
999 _c153265
_d153265